Top 30 : Metallica - Statistiques

Statistiques générales
  • Ce quiz a été pris 103 fois
  • Le résultat moyen est 15 sur 30
Statistiques - réponses
Top Titres % Correct
3 Master of Puppets
97%
1 Enter Sandman
96%
2 Nothing Else Matters
92%
4 One
80%
11 Seek & Destroy
75%
5 The Unforgiven
68%
6 For Whom The Bell Tolls
67%
8 Sad But True
63%
18 Ride The Lightning
56%
13 Battery
54%
28 Orion
54%
10 Fuel
52%
19 Creeping Death
51%
9 Fade To Black
51%
23 The Four Horsemen
44%
12 Wherever I May Roam
44%
21 Blackened
42%
30 Whiplash
42%
17 The Day That Never Comes
39%
20 Welcome Home (Sanitarium)
37%
24 The Memory Remains Marianne Faithfull
35%
14 The Unforgiven II
35%
26 St. Anger
32%
16 Hardwired
30%
29 Harvester of Sorrow
25%
7 Whiskey In The Jar
24%
22 Moth Into Flame
23%
25 Until It Sleeps
22%
15 Turn The Page
13%
27 Don't Tread On Me
9%
Aucun quiz correspondant
Distribution des résultats
% des personnes avec chaque résultat
Percentile par nombre de réponses
Votre historique - résultats
Vous n’avez pas pris ce quiz